00175 a2200073 45000010005000001000012000052450062000172600022000797105 aShahane aSolution of university problems in electrical engineering abAllies, Poonac